| 000 | 00287 a2200121 4500 | ||
|---|---|---|---|
| 999 |
_c321782 _d321782 |
||
| 001 | 86709 | ||
| 003 | NUST | ||
| 005 | 20180123110652.0 | ||
| 008 | 180123b xxu||||| |||| 00| 0 eng d | ||
| 082 | _a891.4393 IRF | ||
| 100 |
_aIrfan Ahmed Khan _99573 |
||
| 245 |
_aSangchoor (Novel) _hUrdu |
||
| 260 |
_aLahore _bT&T Publishers _c2000 |
||
| 300 | _a354p. | ||
| 942 |
_aCAE NUST _cBK _k891.4393 IRF _2ddc |
||